Szczegóły MARC21

Sieci komórkowe GSM/GPRS : usługi i bezpieczeństwo /

003 -Nazwa inst., której nr kontr. jest w polu 001 [,]
    • @
    • Nazwa instytucji, której n kontrolny jest w polu 001
    • NUKAT
005 -DATA I CZAS OSTATNIEJ MODYFIKACJI [,]
    • @
    • pole kontrolne
    • 20241231093353.0
020 -Międzynarod. znormalizowany nr książki - ISBN [ , ]
    • a
    • Numer ISBN
    • 8391772403 Find
    • z
    • Błędny ISBN (P)
    • 8391772401 Find
040 -Instytucja sporządzająca opis [ , ]
    • a
    • Instytucja, która sporządziła opis (NP)
    • LUBL 64/EH
    • c
    • Instytucja, która sporządziła rekord (NP)
    • LUBL 64/EH
    • d
    • Instytucja, która zmodyfikowała rekord (P)
    • LUBL 64/EH
    • d
    • Instytucja, która zmodyfikowała rekord (P)
    • WA U/MAD
    • d
    • Instytucja, która zmodyfikowała rekord (P)
    • LUBL 64/WSs
    • d
    • Instytucja, która zmodyfikowała rekord (P)
    • KR U/ynk
942 -Rodzaj dokumentu [ , ]
    • c
    • Rodzaj dokumentu
    • Książka
100 -Hasło główne - nazwa osobowa [1, ]
    • a
    • Nazwa osobowa (NP)
    • Simon, Aleksander.
    • 9
    • KHW
    • 741096
245 -Strefa tytułu i oznaczenia odpowiedzialności [1,0]
    • a
    • Tytuł
    • Sieci komórkowe GSM/GPRS : Find
    • b
    • Ciąg dalszy tytułu (NP)
    • usługi i bezpieczeństwo / Find
    • c
    • Pozostałe elementy strefy tytułu i oznaczenia odpowiedzialności (NP)
    • [Aleksander Simon, Marcin Walczyk].
246 -Wariant tytułu [3, ]
    • a
    • Tytuł (NP)
    • Sieci komórkowe Global System for Mobile communication/General Packet Radio Service
260 -Strefa adresu wydawniczego [ , ]
    • a
    • Miejsce wydania (P)
    • Kraków :
    • b
    • Nazwa wydawcy (P)
    • Xylab,
    • c
    • Data wydania (P)
    • 2002.
300 -Strefa opisu fizycznego [ , ]
    • a
    • Określenie formy książki i/lub objętość (NP)
    • 287 s. :
    • b
    • Oznaczenie ilustracji (NP)
    • il. ;
    • c
    • Format (NP)
    • 28 cm.
336 -Typ zawartości [ , ]
    • a
    • Termin opisujący typ zawartości
    • Tekst
    • b
    • Kod określający zawartość
    • txt
    • 2
    • Źródło (terminu i kodu)
    • rdacontent
337 -Typ mediów [ , ]
    • a
    • Tryb odtwarzania
    • Bez urządzenia pośredniczącego
    • b
    • Kod typu mediów
    • n
    • 2
    • Źródło (terminu i kodu)
    • rdamedia
338 -Typ/rodzaj nośnika [ , ]
    • a
    • Hasło opisujące typ nośnika
    • Wolumin
    • b
    • Kod typu nośnika
    • nc
    • 2
    • Źródło (terminu i kodu)
    • rdacarrier
380 -Deskryptor - Forma dzieła (P) [ , ]
    • a
    • forma dzieła (NP)
    • Książki
500 -Uwaga ogólna [ , ]
    • a
    • Uwaga ogólna (NP)
    • Nazwy aut. na okł. i s. red.
504 -Uwaga dot. bibliogr. załącznikowej [ , ]
    • a
    • Uwaga dot. bibliografii załącznikowej
    • Bibliogr. s. 285-287.
080 -Uniwersalna Klasyfikacja Dziesiętna [ , ]
    • a
    • Symbol klasyfikacji
    • 004.7
    • 9
    • UKD
    • 2129
    • 2
    • Identyfikator wydania tablic
    • UDC-P058
    • b
    • Dopowiedzenie
    • Komunikacja komputerowa. Sieci komputerowe.
650 -Hasło przedmiotowe [ ,7]
    • a
    • Hasło przedmiotowe
    • Telefonia komórkowa
    • 2
    • Źródło terminu
    • DBN
    • 9
    • KHW
    • 741175
650 -Hasło przedmiotowe [ ,7]
    • a
    • Hasło przedmiotowe
    • GSM (radiotelefonia).
    • 2
    • Źródło terminu
    • kaba
    • 9
    • KHW
    • 109626
650 -Hasło przedmiotowe [ ,7]
    • a
    • Hasło przedmiotowe
    • GPRS (radiotelefonia).
    • 2
    • Źródło terminu
    • kaba
    • 9
    • KHW
    • 147106
980 -Symbol UKD [ , ]
    • a
    • UKD
    • 004.7
700 -Hasło dodatkowe - nazwa osobowa [1, ]
    • a
    • Nazwa osobowa (NP)
    • Walczyk, Marcin. Find
    • 9
    • KHW
    • 741097
920 -ISBN [ , ]
    • a
    • ISBN
    • 83-917724-0-3 Find
    • z
    • Błędny ISBN
    • 83-917724-0-1 Find
Data inwentaryzacji Lokalizacja Numer inwentarzowy Status udost.
2003-01-15BES.90186-2
2003-01-15TT.7187-2